000 00517nam a2200145 a 4500
008 120416s1973 ||||||||||||||||| || u
050 _aTH 1491 Put
100 _aPutnam, Robert
245 1 0 _aConcrete block construction
250 _a3rd. ed.
260 _aChicago
_bAmerican Technical Society
_c1951[1973]
300 _a[iv] 228p. : ill.
350 _a0.00
995 _D0.00
_FCBU-MAIN LIBRARY (Kitwe)
_H1
_I5.00
_M1
_UAVAILABLE
_ZMain Library Open Access Collection
999 _c38374
_d38374